Upanishads (Record no. 19146)

MARC details
000 -LEADER
fixed length control field 00543nam a2200229 a 4500
020 ## - INTERNATIONAL STANDARD BOOK NUMBER
ISBN
082 00 - DEWEY DECIMAL CLASSIFICATION NUMBER
Classification number 294.59218
Author Cutter PRA
100 ## - MAIN ENTRY--AUTHOR NAME
Author name Prabhavananda,
245 ## - TITLE STATEMENT
Title Upanishads
260 ## - PUBLICATION, DISTRIBUTION, ETC. (IMPRINT)
Place of publication California
Name of publisher New American Library
Year of publication 1957
300 ## - PHYSICAL DESCRIPTION
Number of Pages 128p
500 ## - GENERAL NOTE
General note includes index and biblioraphy
650 ## - SUBJECT ADDED ENTRY--TOPICAL TERM
Topical Term Upanishads
942 ## - ADDED ENTRY ELEMENTS (KOHA)
Koha item type Books
700 1# -
-- Prabhavananda,
Holdings
Collection code Home library Current library Date acquired Cost, normal purchase price Full call number Accession Number Koha item type
  Henry Martyn Institute Library Henry Martyn Institute Library 06/23/2010 100.00 294.59218 PRA 11000175 Books
                   Copyright © 2026 | Henry Martyn Institute | Hyderabad | TS-500052 | INDIA | Implemented by hmi.edu.in
Hit-Count:

Powered by Koha